| 000 | 00415nam a2200157Ia 4500 | ||
|---|---|---|---|
| 008 | 230711s9999||||xx |||||||||||||| ||und|| | ||
| 041 | _aENG | ||
| 082 |
_a658 _bUD-Q |
||
| 100 | _aUdpa,S.R | ||
| 245 | 0 | _aQuality circles : Progress through participation | |
| 250 | _a1st Ed. | ||
| 260 |
_c1994 _aNew Delhi _bTata McGraw Hill Education Limited |
||
| 300 | _a266 | ||
| 650 | _aUNIVESITY BUSNIESS SCHOOL | ||
| 942 | _cBK | ||
| 999 |
_c2314 _d2314 |
||